Library Banner

(وثائق یہودیت)Wasaiq yahodiyyat (Urdu) (Record no. 61675)

MARC details
000 -LEADER
fixed length control field 00580nam a2200193Ia 4500
001 - CONTROL NUMBER
control field 61224
003 - CONTROL NUMBER IDENTIFIER
control field OSt
005 - DATE AND TIME OF LATEST TRANSACTION
control field 20160308094837.0
008 - FIXED-LENGTH DATA ELEMENTS--GENERAL INFORMATION
fixed length control field 141120s9999 xx 000 0 und d
020 ## - INTERNATIONAL STANDARD BOOK NUMBER
International Standard Book Number NA
040 ## - CATALOGING SOURCE
Transcribing agency PK-LaUMT
082 ## - DEWEY DECIMAL CLASSIFICATION NUMBER
Classification number 305.8924
Item number ABD-W
100 ## - MAIN ENTRY--PERSONAL NAME
Personal name Abdur Rasheed Arshad
245 ## - TITLE STATEMENT
Title (وثائق یہودیت)Wasaiq yahodiyyat (Urdu)
Statement of responsibility, etc (عبدالرشید ارشد)Abdur Rasheed Arshad
260 ## - PUBLICATION, DISTRIBUTION, ETC. (IMPRINT)
Place of publication, distribution, etc (جوہرآباد، پاکستان)Johrabad,Pakistan:
Name of publisher, distributor, etc (النور ٹرسٹ)Alnoor Trust,
Date of publication, distribution, etc N.D.
300 ## - PHYSICAL DESCRIPTION
Extent 144 p.
546 ## - LANGUAGE NOTE
Language note UR
942 ## - ADDED ENTRY ELEMENTS (KOHA)
Koha item type Books
Source of classification or shelving scheme Dewey Decimal Classification
Holdings
Withdrawn status Lost status Source of classification or shelving scheme Damaged status Not for loan Home library Current library Date acquired Total Checkouts Full call number Barcode Date last seen Price effective from Koha item type Date checked out
    Dewey Decimal Classification     UMT Main Campus UMT Main Campus 2014-11-17   305.8924 ABD-W 79508 2014-11-20 2014-11-20 Books  
    Dewey Decimal Classification     UMT Main Campus UMT Main Campus 2014-11-24 1 305.8924 ABD-W 79516 2019-12-09 2014-11-24 Books 2019-11-25